| 000 | 00769nam a22002057a 4500 | ||
|---|---|---|---|
| 999 |
_c19506 _d19506 |
||
| 003 | AR-CdUCM | ||
| 008 | 190517b ||||| |||| 00| 0 spa d | ||
| 040 |
_aMUNICIPALIDAD PROVINCIAL DEL CUSCO _cBIBLIOTECA MUNICIPAL DEL CUSCO |
||
| 082 |
_a985.21 / _bB39 |
||
| 100 |
_aBernales Ballesteros, Jorge _940878 |
||
| 245 | _aLima, la ciudad y sus monumentos / | ||
| 260 |
_aSevilla : _bEscuela de estudios hispano americanos de Sevilla, _c1972. |
||
| 300 |
_a387 páginas ; _bFotografĂas, _c25 cm. |
||
| 505 | _aContenido: La arquitectura de Lima en el siglo XVI -- La ciudad de los conquistadores -- La ciudad de los virreyes... | ||
| 650 |
_aIglesia _91428 |
||
| 650 |
_aMonasterios _940879 |
||
| 650 |
_aLima _9231 |
||
| 942 |
_2ddc _cLIBROS |
||
| 945 |
_adavv _d2019-04-17 |
||